[Event "Mittelrhein Verbandsliga-W 18/19"]
[Site "Nordrheinwestfalen"]
[Date "2019.05.05"]
[Round "10.6"]
[White "Nettekoven, Wolfgang"]
[Black "Tonev, Vasil"]
[Result "1-0"]
[WhiteElo "1788"]
[BlackElo "1646"]
[PlyCount "145"]
[EventDate "2018.09.02"]
[EventType "team-tourn"]
[EventRounds "11"]
[EventCountry "GER"]
[SourceTitle "EXT 2022"]
[Source "ChessBase"]
[SourceDate "2021.10.06"]
[SourceVersion "1"]
[SourceVersionDate "2021.10.06"]
[SourceQuality "1"]
[WhiteTeam "Pulheim"]
[BlackTeam "Horrem"]
[WhiteTeamCountry "GER"]
[BlackTeamCountry "GER"]

1. e4 c5 2. d4 cxd4 3. c3 d3 4. Bxd3 g6 5. Nf3 Bg7 6. 0-0 d6 7. Be3 Nc6 8. Qe2 Nf6 9. h3 0-0 10. Rd1 Qc7 11. Na3 a6 12. Nc4 Nd7 13. Rac1 b5 14. Ncd2 Bb7 15. Nb3 Nb6 16. c4 Nxc4 17. Bxc4 bxc4 18. Rxc4 Rfc8 19. Rdc1 Qd7 20. Qd2 Ne5 21. Nxe5 Bxe5 22. Nc5 Qc6 23. Nxb7 Qxb7 24. Qd5 Qd7 25. b3 e6 26. Qa5 Rxc4 27. Rxc4 d5 28. exd5 Qxd5 29. Qxd5 exd5 30. Rc5 Rd8 31. Kf1 f6 32. Ra5 Bc3 33. Rxa6 d4 34. Rc6 Ra8 35. Rc4 Rxa2 36. Bxd4 Bxd4 37. Rxd4 Rb2 38. Rd8+ Kf7 39. Rb8 h5 40. b4 h4 41. b5 Ke6 42. b6 Kd7 43. b7 Kc7 44. Rf8 f5 45. Rg8 Kxb7 46. Rxg6 Kc7 47. Rg5 f4 48. Rg4 Rb4 49. Rxh4 Kd6 50. g3 Rb1+ 51. Kg2 fxg3 52. Kxg3 Ke5 53. Rg4 Kf5 54. Kg2 Rb2 55. Rg3 Rb4 56. Rg8 Kf6 57. Rg4 Rb5 58. Kg3 Rb3+ 59. f3 Kf5 60. h4 Rb1 61. Rg5+ Kf6 62. Kg4 Rg1+ 63. Kh5 Rf1 64. Rg3 Kf5 65. Rg8 Kf6 66. Rf8+ Ke7 67. Rf4 Rg1 68. Kh6 Ke6 69. h5 Ra1 70. Kg6 Rg1+ 71. Rg4 Rf1 72. f4 Ra1 73. h6 1-0

[Event "Mittelrhein Verbandsliga-W 18/19"]
[Site "Nordrheinwestfalen"]
[Date "2018.10.28"]
[Round "3.6"]
[White "Nettekoven, Wolfgang"]
[Black "Schottmueller, Christoph"]
[Result "1-0"]
[WhiteElo "1788"]
[BlackElo "1814"]
[PlyCount "78"]
[EventDate "2018.09.02"]
[EventType "team-tourn"]
[EventRounds "11"]
[EventCountry "GER"]
[SourceTitle "EXT 2022"]
[Source "ChessBase"]
[SourceDate "2021.10.06"]
[SourceVersion "1"]
[SourceVersionDate "2021.10.06"]
[SourceQuality "1"]
[WhiteTeam "Pulheim"]
[BlackTeam "Bruehl III"]
[WhiteTeamCountry "GER"]
[BlackTeamCountry "GER"]

1. e4 e5 2. Nf3 Nc6 3. d4 exd4 4. Bc4 Bc5 5. c3 Qe7 6. 0-0 dxc3 7. Nxc3 d6 8. Nd5 Qd8 9. b4 Bb6 10. Nxb6 axb6 11. Qb3 Be6 12. Bxe6 fxe6 13. Qxe6+ Qe7 14. Qc4 0-0-0 15. Ng5 Nf6 16. Be3 Ne5 17. Qe6+ Rd7 18. f3 h6 19. Qxe7 Rxe7 20. Nh3 Nc4 21. Bd4 Rd8 22. Rfc1 Ne5 23. Bxb6 Nc6 24. b5 cxb6 25. bxc6 bxc6 26. Rxc6+ Kb7 27. Rac1 d5 28. exd5 Rxd5 29. Nf4 Ra5 30. R1c2 Rxa2 31. Rxb6+ Kxb6 32. Rxa2 Kc6 33. Kf2 Kd6 34. Rd2+ Kc6 35. h3 Ra7 36. Ng6 Kc5 37. g3 Rf7 38. Kg2 Nd5 39. f4 Kd6 1-0

[Event "Mittelrhein Verbandsliga-W 18/19"]
[Site "Nordrheinwestfalen"]
[Date "2018.09.30"]
[Round "2.7"]
[White "Nettekoven, Wolfgang"]
[Black "Fournell, Udo"]
[Result "1/2-1/2"]
[WhiteElo "1788"]
[BlackElo "1860"]
[PlyCount "49"]
[EventDate "2018.09.02"]
[EventType "team-tourn"]
[EventRounds "11"]
[EventCountry "GER"]
[SourceTitle "EXT 2022"]
[Source "ChessBase"]
[SourceDate "2021.10.06"]
[SourceVersion "1"]
[SourceVersionDate "2021.10.06"]
[SourceQuality "1"]
[WhiteTeam "Pulheim"]
[BlackTeam "Aachen PTSV"]
[WhiteTeamCountry "GER"]
[BlackTeamCountry "GER"]

1. e4 c5 2. d4 cxd4 3. c3 Nf6 4. e5 Nd5 5. cxd4 Nc6 6. Nf3 d6 7. exd6 Qxd6 8. Nc3 a6 9. Bc4 Nb6 10. Bb3 Bf5 11. 0-0 e6 12. d5 exd5 13. Nxd5 Nxd5 14. Qxd5 Qxd5 15. Bxd5 Rd8 16. Re1+ Be7 17. Bb3 0-0 18. Bg5 Bxg5 19. Nxg5 Nd4 20. Bd1 Rfe8 21. Rxe8+ Rxe8 22. Nf3 b5 23. h3 Rd8 24. Nxd4 Rxd4 25. b3 1/2-1/2

[Event "Solingen-ch"]
[Site "Solingen"]
[Date "2012.12.07"]
[Round "7"]
[White "Nettekoven, Wolfgang"]
[Black "Brinkmann, Katharina"]
[Result "1-0"]
[WhiteElo "1776"]
[BlackElo "1545"]
[PlyCount "47"]
[EventDate "2012.09.14"]
[EventType "swiss"]
[EventRounds "7"]
[EventCountry "GER"]
[SourceTitle "EXT 2015"]
[Source "ChessBase"]
[SourceDate "2014.11.20"]
[SourceVersion "1"]
[SourceVersionDate "2014.11.20"]
[SourceQuality "1"]

1. e4 c5 2. d4 cxd4 3. c3 d3 4. Bxd3 Nc6 5. Nf3 d6 6. 0-0 g6 7. Be3 Bg7 8. Nbd2 Nf6 9. h3 0-0 10. Qb3 Nd7 11. Qc2 Nc5 12. Be2 Kh8 13. Rad1 Qc7 14. Nb3 Nxb3 15. Qxb3 Be6 16. Qa4 f5 17. exf5 Bxf5 18. Nd4 Nxd4 19. Bxd4 e5 20. Be3 Bf6 21. Qb4 Be7 22. Qb3 Rfc8 23. Bf3 e4 24. Bd4+ 1-0

[Event "Cologne Ford op 17th"]
[Site "Cologne"]
[Date "2011.05.30"]
[Round "7"]
[White "Heider, Arno"]
[Black "Nettekoven, Wolfgang"]
[Result "0-1"]
[WhiteElo "1540"]
[BlackElo "1714"]
[PlyCount "81"]
[EventDate "2011.04.12"]
[EventType "swiss"]
[EventRounds "7"]
[EventCountry "GER"]
[SourceTitle "EXT 2012"]
[Source "ChessBase"]
[SourceDate "2011.11.24"]
[SourceVersion "1"]
[SourceVersionDate "2011.11.24"]
[SourceQuality "1"]

1. d4 Nf6 2. c4 g6 3. Nc3 Bg7 4. e4 d6 5. Nf3 0-0 6. Be2 e5 7. 0-0 Nc6 8. d5 Ne7 9. Rb1 Ne8 10. a3 f5 11. Nd2 f4 12. b4 g5 13. c5 Nf6 14. f3 h5 15. cxd6 cxd6 16. Nc4 g4 17. Nb5 g3 18. Nbxd6 Ne8 19. Nxc8 Nxc8 20. h3 Ncd6 21. Nxd6 Nxd6 22. Qb3 Rc8 23. Bb2 Kh7 24. Rbc1 Rxc1 25. Rxc1 Qb6+ 26. Kh1 Qf2 27. Qd1 Rc8 28. Rxc8 Nxc8 29. Bc3 Nd6 30. Be1 Qe3 31. Qd3 Qc1 32. Qc3 Qb1 33. Bd3 Qd1 34. Kg1 b5 35. Kf1 a6 36. Be2 Qd4 37. Qc6 Nc4 38. Bxc4 bxc4 39. Qc5 Qd3+ 40. Kg1 Qe2 41. Kh1 0-1

[Event "Cologne Ford op 17th"]
[Site "Cologne"]
[Date "2011.05.16"]
[Round "5"]
[White "Schreiber, Gudrun"]
[Black "Nettekoven, Wolfgang"]
[Result "1/2-1/2"]
[WhiteElo "1487"]
[BlackElo "1714"]
[PlyCount "83"]
[EventDate "2011.04.12"]
[EventType "swiss"]
[EventRounds "7"]
[EventCountry "GER"]
[SourceTitle "EXT 2012"]
[Source "ChessBase"]
[SourceDate "2011.11.24"]
[SourceVersion "1"]
[SourceVersionDate "2011.11.24"]
[SourceQuality "1"]

1. e4 c5 2. Nf3 d6 3. d4 cxd4 4. Nxd4 Nf6 5. Nc3 a6 6. Be2 e6 7. 0-0 Be7 8. Be3 Qc7 9. f4 Nc6 10. Qe1 b5 11. Nxc6 Qxc6 12. e5 dxe5 13. fxe5 Nd5 14. Bf3 Bb7 15. Nxd5 exd5 16. c3 Rd8 17. Qg3 0-0 18. Bd4 Bc5 19. Rac1 Qb6 20. Qf2 Bxd4 21. cxd4 Rc8 22. Qh4 Rxc1 23. Rxc1 Qa5 24. Qf2 Qxa2 25. Rc7 Ba8 26. Qc2 Qa5 27. Kf2 Qb4 28. Qc3 Qa4 29. Rc8 b4 30. Rxf8+ Kxf8 31. Qc5+ Ke8 32. Qc8+ Ke7 33. Qxa8 Qc2+ 34. Be2 Qxb2 35. Qxd5 a5 36. Qd6+ Ke8 37. Qc6+ Ke7 38. Qc5+ Ke8 39. d5 Qxe5 40. Qxa5 Qf4+ 41. Ke1 Qc1+ 42. Kf2 1/2-1/2

[Event "Cologne Ford op"]
[Site "Cologne"]
[Date "2010.05.10"]
[Round "4"]
[White "Brausewetter, Joerg"]
[Black "Nettekoven, Wolfgang"]
[Result "0-1"]
[WhiteElo "1440"]
[BlackElo "1651"]
[PlyCount "98"]
[EventDate "2010.04.19"]
[EventType "swiss"]
[EventRounds "7"]
[EventCountry "GER"]
[SourceTitle "EXT 2011"]
[Source "ChessBase"]
[SourceDate "2010.11.26"]
[SourceVersion "1"]
[SourceVersionDate "2010.11.26"]
[SourceQuality "1"]

1. e4 c5 2. Nf3 e6 3. d4 cxd4 4. c3 dxc3 5. Nxc3 Nc6 6. Bf4 a6 7. Bc4 Na5 8. Qe2 Nxc4 9. Qxc4 Qb6 10. Na4 Qb4+ 11. Qxb4 Bxb4+ 12. Bd2 Bxd2+ 13. Nxd2 b5 14. Nc5 d6 15. Nd3 Ne7 16. 0-0 0-0 17. Rac1 d5 18. e5 Nf5 19. Rc7 a5 20. Rfc1 Nd4 21. Kh1 Ba6 22. Nc5 b4 23. Nxa6 Rxa6 24. Nf3 Nxf3 25. gxf3 Rd8 26. Re7 Raa8 27. Rcc7 Rf8 28. Kg2 Rac8 29. Ra7 Ra8 30. Rxf7 Rxa7 31. Rxa7 Rf5 32. Rxa5 Rxe5 33. Kf1 Rh5 34. Kg2 Rh4 35. Ra4 Rc4 36. a3 bxa3 37. Rxa3 Rb4 38. Ra7 Rxb2 39. Re7 Rb6 40. f4 Rd6 41. Kf3 h5 42. h4 Kh7 43. Ra7 Kg6 44. Ke3 d4+ 45. Kd3 Kf6 46. Ra5 Rd5 47. Rxd5 exd5 48. Kxd4 Kf5 49. Ke3 Kg4 0-1

[Event "Cologne Ford op"]
[Site "Cologne"]
[Date "2010.04.26"]
[Round "2"]
[White "Gutt, Oswald"]
[Black "Nettekoven, Wolfgang"]
[Result "1/2-1/2"]
[WhiteElo "1913"]
[BlackElo "1651"]
[PlyCount "56"]
[EventDate "2010.04.19"]
[EventType "swiss"]
[EventRounds "7"]
[EventCountry "GER"]
[SourceTitle "EXT 2011"]
[Source "ChessBase"]
[SourceDate "2010.11.26"]
[SourceVersion "1"]
[SourceVersionDate "2010.11.26"]
[SourceQuality "1"]

1. d4 Nf6 2. c4 g6 3. Nc3 Bg7 4. e4 d6 5. Be2 0-0 6. Bg5 Nbd7 7. Qd2 e5 8. Nf3 Qe8 9. d5 Nc5 10. Qc2 h6 11. Be3 b6 12. b4 Na6 13. Rb1 Ng4 14. Bd2 f5 15. 0-0 f4 16. Ne1 g5 17. Bxg4 Bxg4 18. f3 Bd7 19. Nd3 g4 20. Nf2 h5 21. Nb5 Qg6 22. fxg4 hxg4 23. Rb3 g3 24. Nd1 Rf6 25. hxg3 fxg3 26. Rxf6 Bxf6 27. Be1 Kf7 28. Rxg3 Qh5 1/2-1/2

[Event "Solingen-ch"]
[Site "Solingen"]
[Date "2009.09.15"]
[Round "5"]
[White "Baumann, Ralf Ruediger"]
[Black "Nettekoven, Wolfgang"]
[Result "1-0"]
[WhiteElo "1808"]
[BlackElo "1636"]
[PlyCount "59"]
[EventDate "2009.09.15"]
[EventType "swiss"]
[EventRounds "7"]
[EventCountry "GER"]
[SourceTitle "EXT 2011"]
[Source "ChessBase"]
[SourceDate "2010.11.26"]
[SourceVersion "1"]
[SourceVersionDate "2010.11.26"]
[SourceQuality "1"]

1. e4 c5 2. Nf3 d6 3. d4 cxd4 4. Nxd4 Nf6 5. Nc3 a6 6. Be2 e6 7. 0-0 Qc7 8. Be3 Be7 9. f4 0-0 10. Kh1 Nc6 11. Qe1 Re8 12. Qg3 b5 13. b3 Kh8 14. e5 dxe5 15. Nxc6 exf4 16. Bxf4 Qxc6 17. Be5 Bb7 18. Bd3 Rg8 19. Qh3 Rad8 20. Rad1 Ba8 21. Rf2 Bc5 22. Rxf6 Rxd3 23. Rxd3 Qxg2+ 24. Qxg2 Bxg2+ 25. Kxg2 gxf6+ 26. Bg3 Rc8 27. Bh4 f5 28. Bf6+ Kg8 29. Ne2 h6 30. Rc3 1-0

[Event "Solingen-ch"]
[Site "Solingen"]
[Date "2009.09.15"]
[Round "2"]
[White "Hirth, Ulrich"]
[Black "Nettekoven, Wolfgang"]
[Result "1-0"]
[WhiteElo "2123"]
[BlackElo "1636"]
[PlyCount "65"]
[EventDate "2009.09.15"]
[EventType "swiss"]
[EventRounds "7"]
[EventCountry "GER"]
[SourceTitle "EXT 2011"]
[Source "ChessBase"]
[SourceDate "2010.11.26"]
[SourceVersion "1"]
[SourceVersionDate "2010.11.26"]
[SourceQuality "1"]

1. g3 Nf6 2. Bg2 d5 3. c4 Nc6 4. cxd5 Nxd5 5. Nc3 e6 6. Nf3 Nxc3 7. bxc3 Bc5 8. d4 Bd6 9. e4 e5 10. 0-0 0-0 11. Be3 f5 12. exf5 Bxf5 13. Nh4 Bc8 14. Be4 exd4 15. cxd4 Be7 16. Qh5 h6 17. Bxh6 Rf6 18. Bg5 Qxd4 19. Qh7+ Kf7 20. Bxf6 Qxf6 21. Bg6+ Ke6 22. Rfe1+ Kd6 23. Qh5 Nd4 24. Rac1 b6 25. Be4 c6 26. Ng6 Qg5 27. Qd1 Bf6 28. Rxc6+ Kd7 29. Rxf6 Qxf6 30. Bxa8 Kc7 31. Ne5 Kb8 32. Qxd4 Kxa8 33. Qd5+ 1-0

[Event "Solingen-ch"]
[Site "Solingen"]
[Date "2009.09.15"]
[Round "6"]
[White "Kaplun, David"]
[Black "Nettekoven, Wolfgang"]
[Result "0-1"]
[WhiteElo "1539"]
[BlackElo "1636"]
[PlyCount "62"]
[EventDate "2009.09.15"]
[EventType "swiss"]
[EventRounds "7"]
[EventCountry "GER"]
[SourceTitle "EXT 2011"]
[Source "ChessBase"]
[SourceDate "2010.11.26"]
[SourceVersion "1"]
[SourceVersionDate "2010.11.26"]
[SourceQuality "1"]

1. d4 Nf6 2. c4 g6 3. Nc3 Bg7 4. e4 d6 5. f3 0-0 6. Bg5 e5 7. d5 Nbd7 8. Qd2 Nb6 9. Bh6 Nxe4 10. fxe4 Qh4+ 11. g3 Qxh6 12. Qxh6 Bxh6 13. Bd3 f5 14. Nge2 fxe4 15. Nxe4 Rf3 16. Rd1 Na4 17. b3 Nb2 18. Bc2 Nxd1 19. Kxd1 Bh3 20. Nd2 Bxd2 21. Kxd2 Raf8 22. Bd3 Rf1 23. Rxf1 Bxf1 24. Ke1 Kg7 25. g4 Bh3 26. g5 Rf1+ 27. Kd2 Rf2 28. Ke3 Rxh2 29. Kf3 Bf5 30. Bxf5 gxf5 31. Nc3 Rh3+ 0-1

[Event "Solingen-ch"]
[Site "Solingen"]
[Date "2009.09.15"]
[Round "4"]
[White "Nettekoven, Wolfgang"]
[Black "Klasmeier, Mario"]
[Result "0-1"]
[WhiteElo "1636"]
[BlackElo "1832"]
[PlyCount "96"]
[EventDate "2009.09.15"]
[EventType "swiss"]
[EventRounds "7"]
[EventCountry "GER"]
[SourceTitle "EXT 2011"]
[Source "ChessBase"]
[SourceDate "2010.11.26"]
[SourceVersion "1"]
[SourceVersionDate "2010.11.26"]
[SourceQuality "1"]

1. e4 e5 2. Nf3 Nc6 3. d4 exd4 4. Bc4 Nf6 5. 0-0 Nxe4 6. Re1 d5 7. Bxd5 Qxd5 8. Nc3 Qh5 9. Nxe4 Be7 10. Bg5 0-0 11. Bxe7 Nxe7 12. Qxd4 Nc6 13. Qc3 Be6 14. Nd4 Nxd4 15. Qxd4 Rfd8 16. Qc3 b6 17. Qxc7 Bd5 18. Rad1 Qg6 19. Ng3 Rdc8 20. Qd7 Be6 21. Qd2 Qxc2 22. Qd4 Bxa2 23. Rd2 Qc5 24. Qa4 Be6 25. h3 b5 26. Qa5 b4 27. Qa6 Rd8 28. Rxd8+ Rxd8 29. Ne4 Qd4 30. Qa5 h6 31. Kh2 Rf8 32. f3 Qxb2 33. Qxa7 Bd5 34. Qd7 Qe5+ 35. Kh1 Be6 36. Qd2 b3 37. Rb1 Rc8 38. Rb2 Qc7 39. Qf2 Qc2 40. Rxc2 bxc2 41. Qg3 c1Q+ 42. Kh2 Qc7 43. f4 Qc2 44. Nf6+ Kh8 45. Nh5 g6 46. Nf6 Rc3 47. Qe1 Rxh3+ 48. Kg1 Qc5+ 0-1

[Event "Solingen-ch"]
[Site "Solingen"]
[Date "2009.09.15"]
[Round "1"]
[White "Speck, Stefan"]
[Black "Nettekoven, Wolfgang"]
[Result "1-0"]
[WhiteElo "2042"]
[BlackElo "1636"]
[PlyCount "53"]
[EventDate "2009.09.15"]
[EventType "swiss"]
[EventRounds "7"]
[EventCountry "GER"]
[SourceTitle "EXT 2011"]
[Source "ChessBase"]
[SourceDate "2010.11.26"]
[SourceVersion "1"]
[SourceVersionDate "2010.11.26"]
[SourceQuality "1"]

1. d4 d5 2. Nf3 c6 3. c3 Nf6 4. Bg5 Bg4 5. e3 e6 6. Bd3 Nbd7 7. Nbd2 Bd6 8. Qc2 Qc7 9. c4 dxc4 10. Nxc4 Bb4+ 11. Nfd2 Bh5 12. Bf4 Qd8 13. Nd6+ Bxd6 14. Bxd6 Nb6 15. Ba3 Qd5 16. 0-0 Bg6 17. Bc5 Bxd3 18. Qxd3 Na4 19. Ba3 Nb6 20. Rfc1 h5 21. Rc5 Qd8 22. Rg5 Ng4 23. Ne4 g6 24. Nd6+ Kd7 25. Nxf7 Qf6 26. Ne5+ Nxe5 27. dxe5+ 1-0